|
|
|
|
| LEADER |
01401cam a2200361 a 4500 |
| 001 |
c000273145 |
| 003 |
CARM |
| 005 |
20071008100720.0 |
| 008 |
781121s1978 enk 000 1 eng d |
| 010 |
|
|
|a 78318055
|
| 015 |
|
|
|a GB78-02705
|
| 019 |
1 |
|
|a 1326699
|z 46518277
|5 LACONCORD2021
|
| 020 |
|
|
|a 0727803271 :
|c £3.75
|
| 035 |
|
|
|a (OCoLC)4490195
|5 LACONCORD2021
|
| 040 |
|
|
|a DLC
|c DLC
|d DLC
|d VCAV
|
| 050 |
0 |
0 |
|a PZ3.B6219
|b So 1978
|a PR6003.L58
|
| 082 |
0 |
4 |
|a 823.914
|2 22
|
| 100 |
1 |
|
|a Bloom, Ursula.
|
| 245 |
1 |
4 |
|a The song of Salome /
|c Ursula Bloom.
|
| 250 |
|
|
|a 1st British hardcover ed.
|
| 260 |
|
|
|a London :
|b Severn House,
|c 1978.
|
| 300 |
|
|
|a 221 p. ;
|c 21 cm.
|
| 500 |
|
|
|a Part of a trilogy which includes "Now Barabbas was a robber" and "Pilate's wife".
|
| 500 |
|
|
|a First published in 1969 under the author's pseudonym, Deborah Mann.
|
| 600 |
0 |
0 |
|a Salome
|c (Biblical figure)
|v Fiction.
|
| 610 |
2 |
0 |
|a Bible.
|p N.T
|x History of Biblical events
|x Fiction.
|
| 630 |
0 |
0 |
|a Bible.
|p N.T
|x History of Biblical events
|v Fiction
|
| 650 |
0 |
0 |
|a Women in the Bible
|v Fiction.
|
| 655 |
|
7 |
|a Biographical fiction.
|2 gsafd
|
| 655 |
|
7 |
|a Christian fiction.
|2 lcsh
|
| 852 |
8 |
|
|b CARM
|h A1:AN32A0
|i A04879
|p 0395021
|f BK
|
| 999 |
f |
f |
|i e4a722e3-b30e-5b05-ad4b-f8927a2de0ba
|s bdc62b20-23d5-5ed1-b944-a023770c905b
|
| 952 |
f |
f |
|p Can circulate
|a CAVAL
|b CAVAL
|c CAVAL
|d CARM 1 Store
|e A04879
|f A1:AN32A0
|h Other scheme
|i book
|m 0395021
|